| 000 | 02061nam0a22003971 4500 | ||
|---|---|---|---|
| 001 | rc\668937 | ||
| 005 | 20250621204024.0 | ||
| 035 | _a(NLR Aleph) 005907671 | ||
| 090 |
_a6343485 _c6343485 |
||
| 100 | _a20031121d1986 |||y0rusy50 ca | ||
| 101 | 0 | _arus | |
| 102 | _aRU | ||
| 105 | _aa ||||||||| | ||
| 200 | 1 |
_aТигр для Мальгуди _e[Сборник] _eПер. с англ. _fР.К. Нарайан _g[Предисл. Н. Демуровой] |
|
| 210 |
_aМ. _cРадуга _d1986 |
||
| 215 |
_a366, [2] с. _cил. _d20 |
||
| 327 | 1 | _aСодерж.: Тигр для Мальгуди: Роман; Мои дни: Автобиогр. повесть; Рассказы: Конь и две козы; Находка; Чиппи; Тигриный коготь; Собака-поводырь; Змеиная песнь; Аттила; Нага; Еще одно мнение; Кот в горшке; Бог и уличный сапожник | |
| 464 | 0 |
_12001#$aТигр для Мальгуди _tТигр для Мальгуди |
|
| 464 | 0 |
_12001#$aМои дни _tМои дни |
|
| 464 | 0 |
_12001#$aКонь и две козы _tКонь и две козы |
|
| 464 | 0 |
_12001#$aНаходка _tНаходка |
|
| 464 | 0 |
_12001#$aЧиппи _tЧиппи |
|
| 464 | 0 |
_12001#$aТигриный коготь _tТигриный коготь |
|
| 464 | 0 |
_12001#$aСобака-поводырь _tСобака-поводырь |
|
| 464 | 0 |
_12001#$aЗмеиная песнь _tЗмеиная песнь |
|
| 464 | 0 |
_12001#$aАттила _tАттила |
|
| 464 | 0 |
_12001#$aНага _tНага |
|
| 464 | 0 |
_12001#$aЕще одно мнение _tЕще одно мнение |
|
| 464 | 0 |
_12001#$aКот в горшке _tКот в горшке |
|
| 464 | 0 |
_12001#$aБог и уличный сапожник _tБог и уличный сапожник |
|
| 700 | 1 |
_aНарайан _bР.К. _f1906- _gРазипурам Кришнасвами |
|
| 801 | 0 |
_aRU _bNLR _gpsbo |
|
| 801 | 1 |
_aRU _bELAR _2rusmarc |
|
| 852 |
_aNLR _j86-3/6487 |
||
| 942 | _cBOOK | ||
| 980 | _aNB | ||